Sex, stress and reproductive success /

Bibliographic Details
Main Author: Lovejoy, David A.
Other Authors: Barsyte, Dalia
Format: eBook
Language:English
Published: Hoboken : John Wiley & Sons, 2011.
Series:Wiley online library.
Subjects:
Online Access:Connect to the full text of this electronic book

MARC

Tag First Indicator Second Indicator Subfields
LEADER 00000cam a2200000Ia 4500
001 in00002694821
005 20190329193943.0
006 m d
007 cr cn|||||||||
008 110428s2011 nju ob 001 0 eng d
019 |a 711782137 
020 |a 9780470979600 (electronic bk.) 
020 |a 0470979607 (electronic bk.) 
035 |a (OCoLC)ocn716208599 
035 |a (OCoLC)716208599  |z (OCoLC)711782137 
037 |a 10.1002/9780470979600  |b Wiley InterScience  |n http://www3.interscience.wiley.com 
040 |a UIU  |c UIU  |d DG1  |d TXA  |d UtOrBLW 
049 |a TXAM 
050 1 4 |a QP251  |b .L68 2011eb 
082 0 4 |a 612.6  |2 22 
100 1 |a Lovejoy, David A. 
245 1 0 |a Sex, stress and reproductive success /  |c by David A. Lovejoy, Dalia Barsyte Lovejoy. 
264 1 |a Hoboken :  |b John Wiley & Sons,  |c 2011. 
300 |a 1 online resource 
336 |a text  |b txt  |2 rdacontent 
337 |a computer  |b c  |2 rdamedia 
338 |a online resource  |b cr  |2 rdacarrier 
505 0 |a Front Matter -- Reproduction under Safe Conditions -- Reproductive Physiology: How is it all Supposed to Work Together? -- The Physiology of Stress: Why too much Stress Stops us from doing things we Enjoy -- Reproductive and Stress-Associated Behaviours: Integrating differing needs -- Animals under Strain: Life is Stressful -- Saving Women and Children First: Protecting the Progeny -- Epigenetic Factors in Reproductive Success: Don't Ignore your Parents -- Species in Captivity: Stress in Agriculture and Aquaculture and Effects on Habitat Loss -- A Cellular Understanding of Stress and its Relationship to Reproduction -- Stress and Reproduction in Human Society: Implications for the Twenty-First Century -- Bibliography -- Glossary -- Index. 
504 |a Includes bibliographical references and index. 
500 |a Electronic resource. 
650 0 |a Reproduction. 
650 0 |a Generative organs  |x Effect of stress on. 
650 0 |a Stress (Physiology) 
655 7 |a Electronic books.  |2 local 
700 1 |a Barsyte, Dalia. 
776 0 8 |i Print version:  |a Lovejoy, David A.  |t Sex, stress and reproductive success.  |d Hoboken : John Wiley & Sons, 2011  |z 9780470721391  |w (DLC) 2010047249  |w (OCoLC)682882448 
830 0 |a Wiley online library. 
856 4 0 |u http://proxy.library.tamu.edu/login?url=http://onlinelibrary.wiley.com/book/10.1002/9780470979600  |z Connect to the full text of this electronic book  |t 0 
994 |a C0  |b TXA 
948 |a cataloged  |b h  |c 2011/5/16  |d c  |e jlanham  |f 9:52:07 am 
999 |a MARS 
999 f f |s 7ce1b1e5-27c1-3404-89d1-5b3b91010930  |i 2838253c-35ab-320b-bfdd-1a7ee7cafa93  |t 0 
952 f f |a Texas A&M University  |b College Station  |c Electronic Resources  |d Available Online  |t 0  |e QP251 .L68 2011eb  |h Library of Congress classification 
998 f f |a QP251 .L68 2011eb  |t 0  |l Available Online